Means of Expression in Daniel Ortega's Speech Regarding the 2018 Massacre in Nicaragua
Kríza v Nikarague v roku 2018 sa stretla s veľkým medzinárodným záujmom a odsúdením, pričom prezident Daniel Ortega sa považoval za zapojeného do porušovania ľudských práv jej obyvateľov. Tento text odkazuje na to, ako sa prezident Daniel Ortega snažil podkopať vážne zvažovanie incidentu. Cieľom toh...
Gespeichert in:
| 1. Verfasser: | |
|---|---|
| Format: | Buchkapitel |
| Sprache: | Englisch |
| Schlagworte: | |
| Tags: |
Keine Tags, Fügen Sie das erste Tag hinzu!
|
MARC
| LEADER | 00000naa$a2200000$$$4500 | ||
|---|---|---|---|
| 001 | 0305336 | ||
| 005 | 20241127142212.7 | ||
| 041 | 0 | |a eng | |
| 044 | |a SK | ||
| 245 | 1 | 0 | |a Means of Expression in Daniel Ortega's Speech Regarding the 2018 Massacre in Nicaragua |c Allan Jose Sequeira Lopez |
| 520 | |a Kríza v Nikarague v roku 2018 sa stretla s veľkým medzinárodným záujmom a odsúdením, pričom prezident Daniel Ortega sa považoval za zapojeného do porušovania ľudských práv jej obyvateľov. Tento text odkazuje na to, ako sa prezident Daniel Ortega snažil podkopať vážne zvažovanie incidentu. Cieľom tohto výskumného dokumentu je preto zhodnotiť Ortegovu rétoriku a to, ako účinne maskuje pravdu o porušovaní ľudských práv zo strany jeho režimu. | ||
| 610 | 2 | 0 | |a prejavy |
| 610 | 2 | 0 | |a rétorika |
| 610 | 2 | 0 | |a Nikaragua |
| 610 | 2 | 0 | |a politika |
| 610 | 2 | 0 | |a prezidenti |
| 100 | 1 | |a Sequeira Lopez, Allan Jose, 1986- | |